00697nam a2200241 a 4500001001300000003000900013005001700022008004100039020001000080082001700090100001800107245003100125260003200156300000800188500003500196505003200231650002700263700001800290902000800308942000700316952011700323999001500440nice12345678IN_TiNIC20260116011905.0050524s1893 laha grp 000 0 urd  ac10000a297.294bAHM aAhmad, Ghulam aVed and Qur`an Ka Muqabila aLahorebIslamia Pressc1893 a86p aincludes index and biblioraphy2 athree parts of first volume aIslam-Apologetic Works1 aAhmad, Ghulam bSRS cBK 001040708StackRoom-aHMIbHMId2007-07-31g100.00l0o297.294 AHMp06066r2007-07-31v100.00w2005-05-24yBK c4738d4738